Tenniste con il maggior numero di titoli WTA - Statistics

Statistiche generali
  • Questo quiz è stato fatto 5 volte
  • Il punteggio medio è 9 su 11
Statistiche sulle risposte
Nazione Numero titoli Tennista % Corretto
Belgio 43 Justine Henin
100%
Cecoslovacchia / Stati Uniti 167 Martina Navrátilová
100%
Stati Uniti 73 Serena Williams
100%
Germania Ovest / Germania 107 Steffi Graf
100%
Stati Uniti 49 Venus Williams
100%
Stati Uniti 157 Chris Evert
80%
Svizzera 43 Martina Hingis
80%
Jugoslavia / Stati Uniti 53 Monica Seles
80%
Australia 42 Evonne Goolagong
60%
Belgio 41 Kim Clijsters
60%
Stati Uniti 55 Lindsay Davenport
40%
Nessun quiz corrispondente trovato
Distribuzione punteggi
Percentuale di utenti per punteggio
Percentile per numero di risposta
I tuoi punteggi nel tempo
Non hai fatto questo quiz